000 00376pab a2200157 454500
008 180718b2011 xxu||||| |||| 00| 0 eng d
100 _aAvinash Kumar
245 _aThe battle for land: Unaddressed issues
260 _c2011
300 _ap.20-23.
362 _a18 Jun
650 _aLand tenure
773 _aEconomic and Political Weekly
908 _aN
909 _a91868
999 _c91868
_d91868